Environmentálny profil výrobku - ekodizajn
Dizajn a dopad produktu na životné prostredie po jeho uvedení na trh. Integrácia ekologicky udržateľných postupov a prístupov do výrobných procesov, samotných výrobkov, ich funkcie a zároveň do nášho správania sa v súvislosti s ich používaním.
Na minha lista:
| Autor principal: | |
|---|---|
| Formato: | Capítulo de Livro |
| Idioma: | eslovaco |
| Assuntos: | |
| Tags: |
Sem tags, seja o primeiro a adicionar uma tag!
|
MARC
| LEADER | 00000nla a2200000 4500 | ||
|---|---|---|---|
| 001 | 0184279 | ||
| 005 | 20240502073147.2 | ||
| 041 | 0 | |a slo | |
| 044 | |a SK | ||
| 245 | 1 | 0 | |a Environmentálny profil výrobku - ekodizajn |c Klaudia Gubová |
| 520 | |a Dizajn a dopad produktu na životné prostredie po jeho uvedení na trh. Integrácia ekologicky udržateľných postupov a prístupov do výrobných procesov, samotných výrobkov, ich funkcie a zároveň do nášho správania sa v súvislosti s ich používaním. | ||
| 610 | 2 | 0 | |a dizajn |
| 610 | 2 | 0 | |a dizajn priemyselný |
| 610 | 2 | 0 | |a plán výrobný |
| 610 | 2 | 0 | |a politika výrobková |
| 610 | 2 | 0 | |a požiadavky na výrobky |
| 610 | 2 | 0 | |a ekologizácia |
| 100 | 1 | |a Gubová, Klaudia, 1986- | |